Úspešná bilancia O súčasnej aktivite ČSSR v medzinárodných vzťahoch

Bibliographic Details
Main Authors: Suja, Stanislav (Author), Brož, Ivan (Author)
Format: Article
Language:Slovak
PhysicalDescription:Obr. 1.
Subjects:

MARC

LEADER 00000nab a2200000 a 4500
001 vtls000036476
003 SK-MaSNL
005 20260303023006.0
008 111103c1979 xo 0 slo
015 |a SNBRB19rr/mm-uuuuu 
035 |a CL0046571 
040 |a SNKBUCL  |b slo  |c SNKBUCL  |e AACR2 
041 0 |a slo 
044 |a xo  |c SK 
080 |a 327(437)  |2 1981 
100 1 |a Suja, Stanislav  |4 aut  |9 376468 
245 1 0 |a Úspešná bilancia  |b O súčasnej aktivite ČSSR v medzinárodných vzťahoch  |c Stanislav Suja, Ivan Brož 
300 |b Obr. 1. 
650 0 7 |a ČSSR  |2 snkbucl  |9 335647 
650 0 7 |a zahraničná politika  |2 snkbucl  |9 971 
655 7 |a články z novín a časopisov  |2 snkbucl  |9 267496 
700 1 |a Brož, Ivan  |4 aut  |9 376858 
773 0 |t Nové slovo  |g Roč. 21, č. 32 (9. 8. 1979), s. 9 
850 |a Slovenská národná knižnica v Martine  |a MTA001 
852 |a SNK  |b KIS3GCP 
958 |a RK 
992 |a RBX 
999 |c 1631946  |d 1633876